| 000 | 00465nam a2200193Ia 4500 | ||
|---|---|---|---|
| 005 | 20240823062041.0 | ||
| 008 | 240823s9999||||xx |||||||||||||| ||und|| | ||
| 020 | _a978-81-8266-907-9 | ||
| 041 | _aMALAYALAM | ||
| 082 | _A894.812371 Q6 | ||
| 100 | _aFaizal Khan M S | ||
| 245 | 0 | _aSwapnavyaparam | |
| 250 | _a1st | ||
| 260 |
_c2016 _bMathrubhumi Printing & Publishing Co |
||
| 500 | _aYES | ||
| 650 |
_aMalayalam _bGeneral |
||
| 942 | _cBK | ||
| 999 |
_c234972 _d234972 |
||